书目信息 |
| 题名: |
中国金融
|
|
| 作者: | 王华庆 著 | |
| 分册: | ||
| 出版信息: | 武汉 武汉大学出版社 2002 |
|
| 页数: | 307页 | |
| 开本: | 20cm | |
| 丛书名: | ||
| 单 册: | ||
| 中图分类: | F832.1 | |
| 科图分类: | 29.7512 | |
| 主题词: | 金融法--概论--中国 , 金融 , 银行 | |
| 电子资源: | ||
| ISBN: | 7-80661-589-X | |
| 000 | 00707nam0 2200253 45 | |
| 001 | 0198012616 | |
| 005 | 20070729094403.34 | |
| 010 | @a7-80661-589-X@dCNY25.00 | |
| 100 | @a19980303d2002 em y0chiy0121 ea | |
| 101 | 0 | @achi |
| 102 | @aCN | |
| 105 | @ay zn 000yy | |
| 200 | 10 | @a中国金融@Azhong guo jin rong@e改革、创新、发展@f王华庆著@Fwang hua qing zhu |
| 210 | @a武汉@c武汉大学出版社@d2002 | |
| 215 | @a307页@d20cm | |
| 517 | 1 | @a改革、创新、发展@Agai ge、chuang xin、fa zhan |
| 606 | @a金融法@x概论@y中国 | |
| 606 | 0 | @a金融 |
| 606 | 0 | @a银行 |
| 690 | @aF832.1@v3 | |
| 692 | @a29.7512@v2 | |
| 701 | 0 | @a王华庆@Awang hua qing@4著 |
| 801 | 0 | @aCN@bTSSF@c20070729 |
| 905 | @a10447@dF832.1@e54 | |
| 中国金融:改革、创新、发展/王华庆著.-武汉:武汉大学出版社,2002 |
| 307页;20cm |
| ISBN 7-80661-589-X:CNY25.00 |
| ● |
| 相关链接 |
|
|
|
|
正题名:中国金融
索取号:F832.1/54
 
预约/预借
| 序号 | 登录号 | 条形码 | 馆藏地/架位号 | 状态 | 备注 |
| 1 | 0783955 | 207839552 | 第一样本阅览室/ [索取号:F832.1/54] | 在馆 |